Liquidación del presupuesto : año 1923-1924 / Mancomunidad de Catalunya año 1923-1924 / Mancomunidad de Catalunya
Descripción Física:
167 p. ; 22 cm
MARC
| LEADER | 00000nam a2200000Ia 4500 | ||
|---|---|---|---|
| 001 | 513 | ||
| 008 | 160829s1924 xx 000 0 cat d | ||
| 110 | 2 | |a Catalunya. |b Mancomunitat |9 53015 | |
| 610 | 1 | 0 | |a Catalunya. |b Mancomunitat |x Assignacions pressupostàries i despeses |9 55730 |
| 952 | |0 0 |1 0 |4 0 |6 M3164_DUP139 |7 1 |9 41543 |a Arxiu |b Arxiu |d 2016-12-01 |l 0 |o M-3-164, DUP-139 |p 513 |r 2016-12-01 00:00:00 |w 2016-12-01 |y ARXIU | ||
| 999 | |c 43433 |d 43433 | ||
| 080 | |a M-3-164, DUP-139 | ||
| 245 | |a Liquidación del presupuesto : |b año 1923-1924 / Mancomunidad de Catalunya | ||
| 260 | |a Barcelona : |b [s.n.], |c 1924 | ||
| 300 | |a 167 p. ; |c 22 cm | ||
| 590 | |a Hi ha un duplicat DUP-139 | ||
| 901 | |a Arxiu | ||
| 942 | |n 1 |2 udc | ||